000 00737nam a22002177a 4500
999 _c15589
_d15589
003 AR-CdUCM
008 190306b ||||| |||| 00| 0 spa d
040 _aMUNICIPALIDAD PROVINCIAL DEL CUSCO
_cBIBLIOTECA MUNICIPAL DEL CUSCO
082 _aC / 343.2 /
_bM22
100 _aManya A., Juan Antonio
_911516
245 _aPerusuyo kamachiy qelqa 1993 :
_b la constitución del Perú /
260 _aCusco :
_bCosmos,
_c1993.
300 _a68 páginas ;
_c21 cm.
505 _aConstitución Política del Perú 1993 / Quechua
650 _aConstitución política
_96910
650 _aDerecho constitucional
_94734
650 _aPerú
_935
700 _aCandia Serrano, Paulino
_911517
942 _2ddc
_cLIBROS
945 _aacv
_d2019-04-29